<?xml version="1.0" encoding="UTF-8"?>
<record
    xmlns:xsi="http://www.w3.org/2001/XMLSchema-instance"
    xsi:schemaLocation="http://www.loc.gov/MARC21/slim http://www.loc.gov/standards/marcxml/schema/MARC21slim.xsd"
    xmlns="http://www.loc.gov/MARC21/slim">

  <leader>01174nam a2200325 i 4500</leader>
  <controlfield tag="001">57441</controlfield>
  <controlfield tag="003">CO-BoRNBP</controlfield>
  <controlfield tag="005">20250702150120.0</controlfield>
  <controlfield tag="007">ta</controlfield>
  <controlfield tag="008">231108s2023    ck a||||r|||| 00| p spa d</controlfield>
  <datafield tag="020" ind1=" " ind2=" ">
    <subfield code="a">9789585292000</subfield>
  </datafield>
  <datafield tag="040" ind1=" " ind2=" ">
    <subfield code="a">CO-BoRNBP</subfield>
    <subfield code="b">spa</subfield>
    <subfield code="e">rda</subfield>
    <subfield code="c">CO-BoRNBP</subfield>
  </datafield>
  <datafield tag="041" ind1="0" ind2=" ">
    <subfield code="a">spa</subfield>
  </datafield>
  <datafield tag="043" ind1=" " ind2=" ">
    <subfield code="a">s-ck---</subfield>
  </datafield>
  <datafield tag="084" ind1=" " ind2=" ">
    <subfield code="a">P POS10</subfield>
  </datafield>
  <datafield tag="100" ind1=" " ind2=" ">
    <subfield code="a">Posada Saldarriaga, Pilar,</subfield>
    <subfield code="d">1953-</subfield>
    <subfield code="e">autora</subfield>
    <subfield code="9">58528</subfield>
  </datafield>
  <datafield tag="245" ind1="1" ind2="0">
    <subfield code="a">De los pies a la cabeza</subfield>
    <subfield code="b">juega conmigo</subfield>
    <subfield code="c">Pilar Posada ; ilustraciones de Juliana Salcedo Reyes</subfield>
  </datafield>
  <datafield tag="250" ind1=" " ind2=" ">
    <subfield code="a">Primera reimpresi&#xF3;n</subfield>
    <subfield code="b">Segunda reimpresi&#xF3;n</subfield>
  </datafield>
  <datafield tag="264" ind1=" " ind2="1">
    <subfield code="a">Bogot&#xE1;, Colombia</subfield>
    <subfield code="b">Cataplum Libros</subfield>
    <subfield code="c">2022</subfield>
    <subfield code="c">2023</subfield>
  </datafield>
  <datafield tag="300" ind1=" " ind2=" ">
    <subfield code="a">28 p&#xE1;ginas sin numerar</subfield>
    <subfield code="b">ilustraciones a color</subfield>
    <subfield code="c">19 cm</subfield>
  </datafield>
  <datafield tag="336" ind1=" " ind2=" ">
    <subfield code="a">texto</subfield>
    <subfield code="b">txt</subfield>
    <subfield code="2">rdacontent</subfield>
  </datafield>
  <datafield tag="337" ind1=" " ind2=" ">
    <subfield code="a">sin mediaci&#xF3;n</subfield>
    <subfield code="b">n</subfield>
    <subfield code="2">rdamedia</subfield>
  </datafield>
  <datafield tag="338" ind1=" " ind2=" ">
    <subfield code="a">volumen</subfield>
    <subfield code="b">nc</subfield>
    <subfield code="2">rdacarrier</subfield>
  </datafield>
  <datafield tag="521" ind1=" " ind2=" ">
    <subfield code="a">Recomendado para un p&#xFA;blico infantil a partir de los 6 a&#xF1;os</subfield>
  </datafield>
  <datafield tag="650" ind1="1" ind2="7">
    <subfield code="a">Juegos infantiles en la literatura</subfield>
    <subfield code="2">LEMB</subfield>
    <subfield code="9">29192</subfield>
  </datafield>
  <datafield tag="650" ind1="1" ind2="7">
    <subfield code="a">Poes&#xED;a infantil colombiana</subfield>
    <subfield code="y">Siglo XXI</subfield>
    <subfield code="2">LEMB</subfield>
    <subfield code="9">1772</subfield>
  </datafield>
  <datafield tag="650" ind1="1" ind2="7">
    <subfield code="a">Literatura infantil colombiana</subfield>
    <subfield code="2">LEMB</subfield>
    <subfield code="9">34</subfield>
  </datafield>
  <datafield tag="700" ind1=" " ind2=" ">
    <subfield code="a">Salcedo, Juliana</subfield>
    <subfield code="e">ilustradora</subfield>
    <subfield code="9">60676</subfield>
  </datafield>
  <datafield tag="942" ind1=" " ind2=" ">
    <subfield code="2">loc</subfield>
    <subfield code="c">BKLITI</subfield>
  </datafield>
  <datafield tag="999" ind1=" " ind2=" ">
    <subfield code="c">57441</subfield>
    <subfield code="d">57441</subfield>
  </datafield>
  <datafield tag="952" ind1=" " ind2=" ">
    <subfield code="0">0</subfield>
    <subfield code="1">0</subfield>
    <subfield code="2">ddc</subfield>
    <subfield code="4">0</subfield>
    <subfield code="7">0</subfield>
    <subfield code="8">INF</subfield>
    <subfield code="a">MECASTIL</subfield>
    <subfield code="b">MECASTIL</subfield>
    <subfield code="c">SInf</subfield>
    <subfield code="d">2026-03-02</subfield>
    <subfield code="l">0</subfield>
    <subfield code="o">P POS10</subfield>
    <subfield code="p">EC03224</subfield>
    <subfield code="r">2026-03-02 14:42:16</subfield>
    <subfield code="t">Ej.1</subfield>
    <subfield code="w">2026-03-02</subfield>
    <subfield code="y">BKLITI</subfield>
  </datafield>
  <datafield tag="952" ind1=" " ind2=" ">
    <subfield code="0">0</subfield>
    <subfield code="1">0</subfield>
    <subfield code="2">ddc</subfield>
    <subfield code="4">0</subfield>
    <subfield code="7">0</subfield>
    <subfield code="8">INF</subfield>
    <subfield code="a">MECASTIL</subfield>
    <subfield code="b">MECASTIL</subfield>
    <subfield code="c">SInf</subfield>
    <subfield code="d">2026-03-10</subfield>
    <subfield code="l">0</subfield>
    <subfield code="o">P POS10</subfield>
    <subfield code="p">EC03273</subfield>
    <subfield code="r">2026-03-10 21:03:18</subfield>
    <subfield code="t">Ej.2</subfield>
    <subfield code="w">2026-03-10</subfield>
    <subfield code="y">BKLITI</subfield>
  </datafield>
</record>
